书目信息 |
| 题名: |
画法几何学
|
|
| 作者: | ;大连工学院工程画教研室 编 | |
| 分册: | ||
| 出版信息: | 北京 人民教育出版社 1957 |
|
| 页数: | 320页 | |
| 开本: | 20cm | |
| 丛书名: | ||
| 单 册: | ||
| 中图分类: | O185.2 | |
| 科图分类: | ||
| 主题词: | 画法几何 | |
| 电子资源: | ||
| ISBN: | ||
| 000 | 00645nam0 2200229 45 | |
| 001 | 0179001837 | |
| 005 | 20060515164118.15 | |
| 010 | @dCNY1.40 | |
| 091 | @a15010.504 | |
| 100 | @a19950725d1957 em y0chiy0121 ea | |
| 101 | 0 | @achi |
| 102 | @aCN@b110000 | |
| 105 | @ay z 000yy | |
| 200 | 10 | @a画法几何学@Ahua fa ji he xue@f大连工学院工程画教研室编@FDa Lian Gong Xue Yuan Gong Cheng Hua Jiao Yan Shi Bian |
| 210 | @a北京@c人民教育出版社@d1957 | |
| 215 | @a320页@d20cm | |
| 300 | @a高等学校教学用书 | |
| 606 | @a画法几何 | |
| 690 | @aO185.2@v3 | |
| 711 | 02 | @a大连工学院工程画教研室@4编 |
| 801 | 0 | @aCN@bNLC@c20060515 |
| 905 | @dO185.2@e16 | |
| 画法几何学/大连工学院工程画教研室编.-北京:人民教育出版社,1957 |
| 320页;20cm |
| 高等学校教学用书 |
| ISBN :CNY1.40 |
| ● |
| 相关链接 |
|
|
|
|
正题名:画法几何学
索取号:O185.2/16
 
预约/预借
| 序号 | 登录号 | 条形码 | 馆藏地/架位号 | 状态 | 备注 |
| 1 | 0008570 | 202276483 | 密集书库/ [索取号:O185.2/16] | 在馆 | |
| 2 | 0008571 | 202339870 | 密集书库/ [索取号:O185.2/16] | 在馆 | |
| 3 | 0165242 | 000406670 | 第二样本阅览室/ [索取号:O185.2/16] | 在馆 |